Quiz di cultura generale #22 - Statistics

Statistiche generali
  • Questo quiz è stato fatto 1.492 volte
  • Il punteggio medio è 12 su 20
Statistiche sulle risposte
DOMANDA RISPOSTA % Corretto
Città fondata da Romolo e Remo Roma
99%
Dipinse il quadro "I girasoli" Van Gogh
94%
Quale paese occupò l'Etiopia dal 1936 al 1941? Italia
90%
Quale famoso animale mangia principalmente foglie di eucalipto? Koala
90%
Quanti canti ci sono nella Divina Commedia? 100/Cento
88%
Quante stelle ci sono nella bandiera dell'UE? 12/Dodici
87%
Squadra di calcio con sede a Bergamo Atalanta
77%
Secolo in cui visse Mozart (a numeri romani) XVIII
73%
Che strumento suona Giovanni Allevi? Pianoforte
70%
Scienziato che studia le rocce Geologo
67%
Scoprì che la terra gira intorno al Sole Copernico
66%
Il grattacielo più alto al mondo (si trova a Dubai) Burj Khalifa
64%
Quale paese si trova a sud del Panama? Colombia
54%
Le ossa nel corpo umano di un adulto 206
49%
Quale mare si trova tra la Gran Bretagna e la Norvegia? Mar del Nord/Nord
47%
Somma di tutti i numeri da 1 a 100 5050
37%
Torre decorativa adiacente ad una moschea (inizia per m) Minareto
33%
Lingua maggiormente parlata a Timor Est Portoghese
19%
Capitale del Mozambico Maputo
16%
Nome dell'attuale imperatore giapponese Naruhito
6%
Nessun quiz corrispondente trovato
Distribuzione punteggi
Percentuale di utenti per punteggio
Percentile per numero di risposta
I tuoi punteggi nel tempo
Non hai fatto questo quiz